LEADER 01188nam a2200289 4500 001 000000364266 003 CaOOAMICUS 005 20250912154512.0 008 250912s2023 fr 000 u fre r 020 $a978-88-94984-16-3 040 $aSeMil$bita 100 1 $aCavadi, Augusto,$d<1950- >.$0(OLS)http://semarc/name/8923 245 13$aLa mafia expliquée aux touristes /$cAugusto Cavadi ; traduction de l'italien au français par Jean-Claude Mirabella. 250 $a2. ed. 264 1$aTrapani :$bDi Girolamo,$c2023. 300 $a57 p. ;$c17 cm 490 1 $aDG Pocket 650 4$aMafia.$0(OLS)http://semarc/subject/8875 700 1 $aMirabella, Jean-Claude.$0(OLS)http://semarc/name/122729 830 0$aDG Pocket.$0(OLS)http://semarc/title/400555 850 $aSeMil 852 $aSeMil$W1$xVenegono$y1$m3M I 417$j261762$B255145$CSeMilBibl$Z2$F255145 $81 961 $aPerego don Stefano - Omaggio 996 $6020$a978-88-94984-16-3$9(OLS)http://semarc/number/304095 996 $6245$aLa mafia expliquée aux touristes$9(OLS)http://semarc/title/455627 996 $6264$aTrapani :$bDi Girolamo$9(OLS)http://semarc/publisher/37839 LEADER 00748nam a2200193 i 4500 001 000000203749 003 CaOOAMICUS 005 20220817105456.0 008 110705s1807 it u000 u ita u 013 $a182464 026 $a5.o. c-on 5.e. lagr (7) 1807 (A) 040 $aSeMil$bita 245 10$aVol. 3. 300 $a391, [1] p. 773 0 $aCaro, Annibale <1507-1566>$tDelle lettere del commendatore Annibal Caro scritte a nome del cardinale Alessandro Farnese.$dMilano : Tip. de' Classici Italiani, contrada di S. Margherita, n.° 1118, 1807.$g3$w()25161 850 $aSeMil 852 $aSeMil$W1$xVenegono$y1$m1G I 24 FA$j154243$B154243$CSeMilBibl$Z2$F165131 $8I 996 $6245$aVol. 3$9(OLS)http://semarc/title/80712